| 000 | 00804cam a22002653a 4500 | ||
|---|---|---|---|
| 001 | 815 | ||
| 003 | PGUSA | ||
| 005 | 20140828082953.0 | ||
| 008 | 060121s2006||||xxu|||||s|||||000 | eng d | ||
| 040 |
_aPGUSA _beng |
||
| 042 | _adc | ||
| 050 | 4 | _aJK | |
| 100 | 1 |
_aTocqueville, Alexis de, _d1805-1859 |
|
| 245 | 1 | 0 |
_aDemocracy in America — Volume 1 _h[electronic resource] / _cAlexis de Tocqueville |
| 260 |
_bProject Gutenberg, _c2006 |
||
| 506 | _aPublic domain in the USA. | ||
| 516 | _aElectronic text | ||
| 653 | _aUnited States -- Politics and government | ||
| 653 | _aUnited States -- Social conditions | ||
| 653 | _aDemocracy -- United States | ||
| 700 | 1 |
_aReeve, Henry, _d1813-1895 |
|
| 830 | 0 |
_aProject Gutenberg _v815 |
|
| 856 | 4 | 0 | _uhttp://www.gutenberg.org/ebooks/815 |
| 942 | _cEB | ||
| 999 |
_c230166 _d230166 |
||